| 000 | 01282namaa2200349 i 4500 | ||
|---|---|---|---|
| 003 | EG-GICUC | ||
| 005 | 20251202161323.0 | ||
| 008 | 251202s2000 ua |||jr|||| 000 0 ara d | ||
| 017 |
_a2000 / 1703 _bدار الكتب والوثائق القومية (مصر) |
||
| 020 | _a977070704X | ||
| 040 |
_aEG-GiCUC _bara _cEG-GiCUC _dEG-GiCUC _erda |
||
| 043 |
_af-ua--- _af-mr--- |
||
| 082 | 0 | 4 |
_221 _a327.62064 _bG4112 |
| 092 | 0 | 4 |
_221 _a327.62064 _bG4112 |
| 099 | _a327.62064 G4112 | ||
| 100 | 1 |
_aغلاب، عبد الكريم _eمؤلف. |
|
| 245 | 1 | 2 |
_aالقاهرة تبوح بأسرارها / _cعبد الكريم غلاب. |
| 264 |
_aالقاهرة(مصر) : _bدار الهلال، _c2000. |
||
| 300 |
_a331 صفحة ؛ _c17 سم |
||
| 336 |
_2rdacontent _atext |
||
| 337 |
_2rdamedia _aUnmediated |
||
| 338 |
_2rdacarrier _avolume |
||
| 490 |
_aكتاب الهلال ؛ _v591 |
||
| 504 | _a. | ||
| 541 |
_aد. جابر عصفور ؛ _bالقاهرة ؛ _cإهداء ؛ _d2024. |
||
| 650 | 1 | _2qrmak | |
| 651 | 1 | 7 |
_2qrmak _aمصر _xعلاقات خارجية _zالمغرب |
| 651 | 1 | 7 |
_2qrmak _aمصر _xاحوال سياسية _yالقرن العشرين |
| 651 | 1 | 7 |
_2qrmak _aالمغرب _xعلاقات خارجية _zمصر |
| 905 | _aAya | ||
| 942 |
_2ddc _cBK _e21 _n0 |
||
| 999 |
_c176434 _d176434 |
||